清香流动:品茶的游戏(二版) (Record no. 322875)

000 -LEADER
fixed length control field 00378 a2200145 4500
020 ## - ISBN
ISBN 9786263618619
082 ## - 索书号 Call Number
分类号Classification number 974.8
作者号 Author number 7750
100 ## - 作者
作者 解致璋 著
245 ## - 书名 TITLE
书名Title 清香流动:品茶的游戏(二版)
250 ## - 版本 EDITION STATEMENT
版本叙述 Edition statement 二版;平装
260 ## - 出版项PUBLICATION, DISTRIBUTION, ETC. (IMPRINT)
出版社 Name of publisher 远流出版事业股份有限公司
出版日期 Date of publication 2024
出版地 Place of publication 台北市
300 ## - 稽核项 PHYSICAL DESCRIPTION
页数 Number of Pages 175页
尺寸 Dimensions 26公分
500 ## - 一般附注 GENERAL NOTE
附注 General note
942 ## - ADDED ENTRY ELEMENTS (KOHA)
Koha item type Books
Holdings
Source of classification or shelving scheme Not for loan Permanent Location Current Location Shelving location Date acquired Source of acquisition Cost, normal purchase price Full call number Barcode Cost, replacement price Koha item type
    LIBRARY CHUNG HWA HIGH SCHOOL MUAR LIBRARY CHUNG HWA HIGH SCHOOL MUAR 9 艺术类(一楼) 2026-03-25 97.80 974.8 7750 050246 195.60 Books

Powered by Koha